Statistics for Jennifer Aniston Films

Click here to take the quiz!

General Stats

  • This quiz has been taken 99 times
    (13 since last reset)
  • The average score is 11 of 37

Answer Stats

HintAnswer% Correct
2011Horrible Bosses
82%
2014Horrible Bosses 2
73%
2013We're the Millers
64%
2003Along Came Polly
55%
2011Just Go With It
55%
2019Murder Mystery
45%
2008Marley & Me
45%
1993Leprechaun
36%
2009Love Happens
36%
2006Friends With Money
36%
2006The Break-Up
36%
2005Rumor Has It...
36%
2016Mother's Day
36%
2016Storks
27%
1996She's the One
27%
1997Picture Perfect
27%
1998The Object of My Affection
27%
2003Bruce Almighty
27%
2016Office Christmas Party
27%
2014Cake
27%
2012Wanderlust
27%
2008Management
18%
1999Office Space
18%
2010The Switch
18%
2010The Bounty Hunter
18%
1999The Iron Giant
18%
2002The Good Girl
18%
2009He's Just Not That Into You
18%
2018Dumplin'
18%
2005Derailed
18%
2001Rock Star
9%
2013Life of Crime
9%
1998The Thin Pink Line
9%
1997'Til There Was You
9%
2014She's Funny That Way
9%
1996Dream for an Insomniac
9%
2017The Yellow Birds
9%

Score Distribution

Percentile by Number Answered

Percent of People with Each Score

Your Score History

You have not taken this quiz since the last reset